Thinking about thinking (Record no. 4769)

MARC details
000 -LEADER
fixed length control field 00379nam a22001697a 4500
005 - DATE AND TIME OF LATEST TRANSACTION
control field 20160629165745.0
008 - FIXED-LENGTH DATA ELEMENTS--GENERAL INFORMATION
fixed length control field 160629b xxu||||| |||| 00| 0 eng d
020 ## - INTERNATIONAL STANDARD BOOK NUMBER
ISBN 81-7992-516-1
041 ## - LANGUAGE CODE
Language code of text/sound track or separate title eng
082 ## - DEWEY DECIMAL CLASSIFICATION NUMBER
Item number 10861
100 ## - MAIN ENTRY--AUTHOR NAME
Personal name Ravi, K.R.
245 ## - TITLE STATEMENT
Title Thinking about thinking
260 ## - PUBLICATION, DISTRIBUTION, ETC. (IMPRINT)
Name of publisher Jaico
Year of publication 2010
300 ## - PHYSICAL DESCRIPTION
Number of Pages 174
650 ## - SUBJECT ADDED ENTRY--TOPICAL TERM
Topical Term Management
942 ## - ADDED ENTRY ELEMENTS (KOHA)
Koha item type Books
Holdings
Lost status Damaged status Collection code Home library Current library Shelving location Date acquired Cost, normal purchase price Accession Number Koha item type
    ENGLISH JRU Library JRU Library SHELF-102-E 29/06/2016 195.00 10861 Books